| Tag |
First Indicator |
Second Indicator |
Subfields |
| LEADER |
00000cas a2200000 a 4500 |
| 001 |
in00002784798 |
| 005 |
20150922151533.0 |
| 006 |
m o d |
| 007 |
cr ||||||||||| |
| 008 |
090603c20089999nz ar oo 0 0eng c |
| 010 |
|
|
|a 2009252976
|
| 016 |
7 |
|
|a 2517768-0
|2 DE-600
|
| 022 |
|
|
|a 1178-2218
|
| 029 |
1 |
|
|a NZ1
|b 13235837
|
| 029 |
1 |
|
|a HEBIS
|b 216312043
|
| 029 |
1 |
|
|a AU@
|b 000044979909
|
| 035 |
|
|
|a (OCoLC)ocn456248180
|
| 035 |
|
|
|a (OCoLC)456248180
|
| 040 |
|
|
|a WaSeSS
|c QE2
|d WAU
|d HEBIS
|d CUS
|d OCLCQ
|d TXA
|d UtOrBLW
|
| 042 |
|
|
|a pcc
|
| 049 |
|
|
|a TXAM
|
| 050 |
1 |
4 |
|a HV4997
|b .S83 Electronic
|
| 245 |
0 |
0 |
|a Substance abuse :
|b research and treatment.
|
| 264 |
|
1 |
|a [Auckland, New Zealand] :
|b Libertas Academica.
|
| 310 |
|
|
|a Annual
|
| 336 |
|
|
|a text
|b txt
|2 rdacontent
|
| 337 |
|
|
|a computer
|b c
|2 rdamedia
|
| 338 |
|
|
|a online resource
|b cr
|2 rdacarrier
|
| 362 |
1 |
|
|a Began with: 1 (2008).
|
| 500 |
|
|
|a Description based on: 1 (2008); title from HTML contents (publishers website, viewed Nov. 18, 2009).
|
| 500 |
|
|
|a Latest issue consulted: 3 (2009) (viewed Nov. 18, 2009).
|
| 515 |
|
|
|a 2008 has supplemental issue numbered 2.
|
| 500 |
|
|
|a Electronic resource.
|
| 650 |
|
0 |
|a Substance abuse
|v Periodicals.
|
| 650 |
|
0 |
|a Substance abuse
|x Treatment
|v Periodicals.
|
| 650 |
|
0 |
|a Drug abuse
|v Periodicals.
|
| 650 |
|
0 |
|a Drug abuse
|x Treatment
|v Periodicals.
|
| 948 |
|
|
|a cataloged
|b h
|c 2012/11/28
|d c
|e spoltoratski
|f 9:59:46 am
|g sc
|
| 994 |
|
|
|a C0
|b TXA
|
| 999 |
|
|
|a MARS
|
| 999 |
f |
f |
|s ba148fb4-f290-3221-a3fc-897145ce8a9b
|i fa9edef9-46c7-37c4-b66f-aca98a2e37c8
|t 0
|
| 952 |
f |
f |
|a Texas A&M University
|b College Station
|c Electronic Resources
|d Available Online
|t 0
|e HV4997 .S83
|g Electronic
|h Library of Congress classification
|
| 998 |
f |
f |
|a HV4997 .S83
|t 0
|l Available Online
|